000 00623nam a2200145Ia 4500
008 100415s9999 xx 000 0 und d
082 _b21896
_a598.2(54)
100 _aRASMUSSEN, PAMELA; ANDERTON, J
245 _aBirds of South Asia : the Ripley guide Volume 2 - attributes and status: Purchased for ENVIS
260 _aWASHINGTON
_c2005
_bSMITHONIAN INSTITUTION PRESS
365 _b12900
630 _aBirds of South Asia : the Ripley guide Volume 2 - attributes and status: Purchased for ENVIS
730 _aBirds of South Asia : the Ripley guide Volume 2 - attributes and status: Purchased for ENVIS
942 _cBOOK
999 _c604778
_d604775